| 000 | 00354nam a22001457a 4500 | ||
|---|---|---|---|
| 027 | _qHB. | ||
| 040 | _cFIZZA ISHAQ | ||
| 082 |
_a624.1824 _bPAU |
||
| 100 |
_aP, DAVID F RICE PAUL. _989096 |
||
| 245 | _aSTRUCTURAL DESIGN GUIDE TO THE ACI BUILDING CODE / | ||
| 250 | _a3rd ED. | ||
| 260 |
_aYEW YORK ; _c1985. |
||
| 300 | _a477 P. ; | ||
| 942 |
_2ddc _cBK |
||
| 999 |
_c587937 _d587937 |
||